000 01038nam a22002897a 4500
999 _c64248
_d64248
005 20240530110722.0
008 180331s2017 ua a g b 000 0 ara d
017 _a2016/22415
_bمصر. دار الكتب
020 _a9789777650762
040 _aEG-CaGPL
_cEG-CaGPL
082 0 4 _221
_a180\
_bو ف
100 1 _aوولف ، أ.
245 1 0 _aفلسفة المحدثين والمعاصرين /
_cتأليف أ. وولف ؛ ترجمة ابوالعلا عفيفى .
250 _aط.1
260 _aالقاهرة :
_bآفاق للنشر والتوزيع،
_c2017 .
300 _a199 ص. ؛
_c20 سم.
504 _aيشتمل على ارجاعات ببليوجرافية
600 0 _2كانط
650 0 7 _2qrmak
_aالفلسفة والدين
650 0 7 _2qrmak
_aالتعدد الروحى
650 0 7 _2qrmak
_aالفلاسفة
650 0 7 _2qrmak
_aالفلسفة
651 _2qrmak
700 0 _aابوالعلا عفيفى
_eمترجم
942 _2ddc
_cBK